| 000 | 00634cam a22001817i 4500 | ||
|---|---|---|---|
| 020 | _a9781461473329 (hbk.) | ||
| 020 | _a1461473322 (hbk.) | ||
| 020 | _z9781461473336 (ebk.) | ||
| 020 | _z1461473330 (ebk.) | ||
| 050 | 0 | 0 |
_aQA 370 _b.I5 |
| 245 | 1 | 0 |
_aDifferential and difference equations with applications : _bcontributions from the International Conference on Differential & Difference Equations and Applications / _cSandra Pinelas, Michel Chipot, Zuzana Dosla, editors. |
| 300 | _a665 pages : | ||
| 650 | 0 | _vCongresses. | |
| 700 | 1 | _aPinelas, Sandra, | |
| 700 | 1 | _aChipot, M. | |
| 700 | 1 | _aDos̆lá, Zuzana, | |
| 942 |
_2lcc _cGEN |
||
| 999 |
_c8881 _d8881 |
||